[Event "Stay Safe Play From Home 315"]
[Site "Emanuel Lasker Arena"]
[Date "2020.07.19"]
[Round "1"]
[White "Chesstiger9"]
[Black "UHU4"]
[Result "1-0"]
[WhiteElo "1935"]
[BlackElo "1592"]
[PlyCount "51"]
[EventDate "2020.07.19"]
[EventType "swiss (blitz)"]

{Volkov, Yuri - Manoc a, Calota} 1. d4 {[%emt 0:00:03]} g6 {[%emt 0:00:03]} 2. e4 {[%emt 0:00:02]} Bg7 {[%emt 0:00:02]} 3. Nc3 {[%emt 0:00:01]} d6 {[%emt 0:00:01]} 4. g3 {[%emt 0:00:02]} Nf6 {[%emt 0:00:02]} 5. Bg2 {[%emt 0:00:01]} O-O {[%emt 0:00:03]} 6. h3 {[%emt 0:00:01]} Nbd7 {[%emt 0:00:03]} 7. Nge2 {[%emt 0:00:01]} c5 {[%emt 0:00:01]} 8. O-O {[%emt 0:00:02]} Rb8 {[%emt 0:00:02]} 9. a4 {[%emt 0:00:02]} h6 {[%emt 0:00:09]} 10. Be3 {[%emt 0:00:01]} Kh7 {[%emt 0:00:01]} 11. f4 {[%emt 0:00:04]} c4 {[%emt 0:00:02]} 12. e5 {[%emt 0:00:02]} dxe5 {[%emt 0:00:02]} 13. dxe5 {[%emt 0:00:01]} Nh5 {[%emt 0:00:03]} 14. g4 {[%emt 0:00:01]} Nhf6 {[%emt 0:00:09]} 15. exf6 {[%emt 0:00:02] UHU4 reconnected.} exf6 {[%emt 0:00:01]} 16. Bxa7 {[%emt 0:00:10]} Ra8 {[%emt 0:00:03]} 17. Bd4 {[%emt 0:00:06]} Qc7 {[%emt 0:00:04]} 18. Nd5 {[%emt 0:00:04]} Qd6 {[%emt 0:00:04]} 19. Nec3 {[%emt 0:00:07]} Nc5 {[%emt 0:00:02]} 20. Nb5 {[%emt 0:00:07]} Qc6 {[%emt 0:00:18]} 21. Nxf6+ {[%emt 0:00:03]} Qxf6 {[%emt 0:00:02]} 22. Bxf6 {[%emt 0:00:02]} Bxf6 {[%emt 0:00:01]} 23. Qd6 {[%emt 0:00:06]} Bxb2 {[%emt 0:00:07]} 24. Qxf8 {[%emt 0:00:03]} Bxa1 {[%emt 0:00:01]} 25. Rxa1 {[%emt 0:00:04]} Be6 {[%emt 0:00:03]} 26. Qxa8 {[%emt 0:00:02] UHU4 rinde (Lag: Av=0.68s, max=1.9s)} 1-0

[Event "Stay Safe Play From Home 315"]
[Site "Emanuel Lasker Arena"]
[Date "2020.07.19"]
[Round "1"]
[White "Haris kollari 13"]
[Black "Shyamph1980"]
[Result "1/2-1/2"]
[WhiteElo "1923"]
[BlackElo "1624"]
[Annotator "NA"]
[PlyCount "146"]
[EventDate "2020.07.19"]
[EventType "swiss (blitz)"]

1. e4 {[%emt 0:00:02]} c5 {[%emt 0:00:01]} 2. Nf3 {[%emt 0:00:02]} e6 {[%emt 0:00:01]} 3. d4 {[%emt 0:00:01]} cxd4 {[%emt 0:00:01]} 4. Nxd4 {[%emt 0:00:00]} a6 {[%emt 0:00:01]} 5. Be3 {[%emt 0:00:01]} Nf6 {[%emt 0:00:02]} 6. Bd3 {[%emt 0:00:01]} Qc7 {[%emt 0:00:03]} 7. f4 {[%emt 0:00:03]} b6 {[%emt 0:00:02]} 8. Nd2 {[%emt 0:00:02]} Bb7 {[%emt 0:00:04]} 9. Qf3 {[%emt 0:00:02]} Nc6 {[%emt 0:00:05]} 10. Rf1 {[%emt 0:00:04]} d6 {[%emt 0:00:05]} 11. O-O-O {[%emt 0:00:02]} O-O-O {[%emt 0:00:11]} 12. g4 {[%emt 0:00:04]} Kb8 {[%emt 0:00:07]} 13. h3 {[%emt 0:00:04]} Rc8 {[%emt 0:00:01]} 14. Qe2 {[%emt 0:00:01]} Ka7 {[%emt 0:00:05]} 15. N2b3 {[%emt 0:00:05]} Nb4 {[%emt 0:00:03]} 16. Kb1 {[%emt 0:00:05]} Nxe4 {[%emt 0:00:03]} 17. a3 {[%emt 0:00:13]} Nxd3 {[%emt 0:00:04]} 18. cxd3 {[%emt 0:00:01]} Nc5 {[%emt 0:00:01]} 19. Nxc5 {[%emt 0:00:03]} dxc5 {[%emt 0:00:02]} 20. Nc2 {[%emt 0:00:05]} Be7 {[%emt 0:00:11]} 21. f5 {[%emt 0:00:02]} e5 {[%emt 0:00:17]} 22. g5 {[%emt 0:00:02]} Rhd8 {[%emt 0:00:04]} 23. f6 {[%emt 0:00:02]} gxf6 {[%emt 0:00:03]} 24. gxf6 {[%emt 0:00:01]} Bf8 {[%emt 0:00:01]} 25. Qh5 {[%emt 0:00:03]} h6 {[%emt 0:00:24]} 26. Bxh6 {[%emt 0:00:09]} Bxh6 {[%emt 0:00:03]} 27. Qxh6 {[%emt 0:00:01]} Rh8 {[%emt 0:00:01]} 28. Qg5 {[%emt 0:00:11]} Rcg8 {[%emt 0:00:07]} 29. Qf5 {[%emt 0:00:07]} Bc8 {[%emt 0:00:06]} 30. Qf2 {[%emt 0:00:08]} Rxh3 {[%emt 0:00:07]} 31. Rh1 {[%emt 0:00:04]} Rhg3 {[%emt 0:00:08]} 32. Rh7 {[%emt 0:00:04]} Be6 {[%emt 0:00:05]} 33. Re1 {[%emt 0:00:09]} Qd6 {[%emt 0:00:10]} 34. Ne3 {[%emt 0:00:05]} Qxd3+ {[%emt 0:00:04]} 35. Ka1 {[%emt 0:00:03]} Qb3 {[%emt 0:00:04]} 36. Kb1 {[%emt 0:00:05]} c4 {[%emt 0:00:13]} 37. Rh2 {[%emt 0:00:11]} c3 {[%emt 0:00:04]} 38. Nd1 {[%emt 0:00:08]} cxb2 {[%emt 0:00:07]} 39. Qxb2 {[%emt 0:00:06]} Bf5+ {[%emt 0:00:02]} 40. Ka1 {[%emt 0:00:05]} Qxb2+ {[%emt 0:00:05]} 41. Kxb2 {[%emt 0:00:01]} Re8 {[%emt 0:00:07]} 42. Nc3 {[%emt 0:00:04]} e4 {[%emt 0:00:04]} 43. Rhe2 {[%emt 0:00:02]} e3 {[%emt 0:00:02]} 44. Nd5 {[%emt 0:00:02]} Bg4 {[%emt 0:00:02]} 45. Rxe3 {[%emt 0:00:02]} Rgxe3 {[%emt 0:00:03]} 46. Rxe3 {[%emt 0:00:01]} Rxe3 {[%emt 0:00:01]} 47. Nxe3 {[%emt 0:00:01]} Be6 {[%emt 0:00:02]} 48. Ng2 {[%emt 0:00:02]} Kb7 {[%emt 0:00:01]} 49. Kc3 {[%emt 0:00:01]} Kc6 {[%emt 0:00:00]} 50. Kd4 {[%emt 0:00:00]} Kd6 {[%emt 0:00:02]} 51. Nf4 {[%emt 0:00:02]} b5 {[%emt 0:00:03]} 52. Nd3 {[%emt 0:00:03]} Bf5 {[%emt 0:00:02]} 53. Nc5 {[%emt 0:00:03]} a5 {[%emt 0:00:01]} 54. Nb7+ {[%emt 0:00:01]} Ke6 {[%emt 0:00:03]} 55. Nxa5 {[%emt 0:00:02]} Kxf6 {[%emt 0:00:00]} 56. Kc5 {[%emt 0:00:01]} Bd3 {[%emt 0:00:01]} 57. Nc6 {[%emt 0:00:01]} Ke6 {[%emt 0:00:04]} 58. Kd4 {[%emt 0:00:01]} Bc4 {[%emt 0:00:02]} 59. Ne5 {[%emt 0:00:07]} Bf1 {[%emt 0:00:03]} 60. Ng4 {[%emt 0:00:07]} f5 {[%emt 0:00:02]} 61. Ne3 {[%emt 0:00:01]} Be2 {[%emt 0:00:06]} 62. Nd5 {[%emt 0:00:01]} Bf1 {[%emt 0:00:07]} 63. Nf4+ {[%emt 0:00:07]} Kf6 {[%emt 0:00:05]} 64. Kd5 {[%emt 0:00:08]} Kg5 {[%emt 0:00:01]} 65. Ke5 {[%emt 0:00:01]} Kg4 {[%emt 0:00:01]} 66. Ne6 {[%emt 0:00:05]} Bc4 {[%emt 0:00:03]} 67. Nf4 {[%emt 0:00:02]} Bf1 {[%emt 0:00:02]} 68. Ng6 {[%emt 0:00:04]} Bc4 {[%emt 0:00:01]} 69. Kd4 {[%emt 0:00:04]} f4 {[%emt 0:00:02]} 70. a4 {[%emt 0:00:01]} f3 {[%emt 0:00:02]} 71. Ne5+ {[%emt 0:00:05]} Kg3 {[%emt 0:00:03]} 72. Nxf3 {[%emt 0:00:01]} Kxf3 {[%emt 0:00:02]} 73. axb5 {[%emt 0:00:09]} Bxb5 {[%emt 0:00:01] (Lag: Av=0.69s, max=1.3s)} 1/2-1/2

[Event "Stay Safe Play From Home 315"]
[Site "Emanuel Lasker Arena"]
[Date "2020.07.19"]
[Round "1"]
[White "TheCHESSHOUSE"]
[Black "Dukic"]
[Result "1-0"]
[WhiteElo "1620"]
[BlackElo "1876"]
[Annotator "NA"]
[PlyCount "97"]
[EventDate "2020.07.19"]
[EventType "swiss (blitz)"]

1. d4 {[%emt 0:00:05]} c6 {[%emt 0:00:01]} 2. c4 {[%emt 0:00:03]} d6 {[%emt 0:00:01]} 3. Nc3 {[%emt 0:00:01]} Nd7 {[%emt 0:00:01]} 4. e4 {[%emt 0:00:01]} e5 {[%emt 0:00:01]} 5. Nf3 {[%emt 0:00:02]} Be7 {[%emt 0:00:01]} 6. Be2 {[%emt 0:00:01]} Ngf6 {[%emt 0:00:01]} 7. O-O {[%emt 0:00:01]} O-O {[%emt 0:00:01]} 8. h3 {[%emt 0:00:17]} Re8 {[%emt 0:00:01]} 9. Qc2 {[%emt 0:00:06]} b6 {[%emt 0:00:08]} 10. b4 {[%emt 0:00:05]} Bb7 {[%emt 0:00:01]} 11. Bg5 {[%emt 0:00:04]} Rc8 {[%emt 0:00:04]} 12. dxe5 {[%emt 0:00:03]} dxe5 {[%emt 0:00:02]} 13. Rfd1 {[%emt 0:00:02]} Qc7 {[%emt 0:00:01]} 14. Rac1 {[%emt 0:00:09]} Bxb4 {[%emt 0:00:02]} 15. Bxf6 {[%emt 0:00:19]} Nxf6 {[%emt 0:00:02]} 16. Bd3 {[%emt 0:00:29]} Qe7 {[%emt 0:00:12]} 17. Qe2 {[%emt 0:00:06]} Nh5 {[%emt 0:00:10]} 18. Qc2 {[%emt 0:00:04]} Nf4 {[%emt 0:00:03]} 19. Ne2 {[%emt 0:00:01]} Qf6 {[%emt 0:00:11]} 20. Rb1 {[%emt 0:00:04]} Bc5 {[%emt 0:00:02]} 21. Nxf4 {[%emt 0:00:03]} Qxf4 {[%emt 0:00:01]} 22. Qa4 {[%emt 0:00:03]} a5 {[%emt 0:00:03]} 23. Qc2 {[%emt 0:00:04]} Rcd8 {[%emt 0:00:02]} 24. Qe2 {[%emt 0:00:01]} Bc8 {[%emt 0:00:07]} 25. Bc2 {[%emt 0:00:08]} h6 {[%emt 0:00:14]} 26. Ba4 {[%emt 0:00:01]} Qf6 {[%emt 0:00:16]} 27. Rbc1 {[%emt 0:00:18]} g5 {[%emt 0:00:14]} 28. Nh2 {[%emt 0:00:03]} Kg7 {[%emt 0:00:15]} 29. Rc3 {[%emt 0:00:08]} Rxd1+ {[%emt 0:00:09]} 30. Bxd1 {[%emt 0:00:00]} Rd8 {[%emt 0:00:12]} 31. Ba4 {[%emt 0:00:06]} Rd6 {[%emt 0:00:12]} 32. Rf3 {[%emt 0:00:06]} Qg6 {[%emt 0:00:08]} 33. Nf1 {[%emt 0:00:12]} g4 {[%emt 0:00:11]} 34. Rg3 {[%emt 0:00:01]} h5 {[%emt 0:00:03]} 35. hxg4 {[%emt 0:00:18]} h4 {[%emt 0:00:20]} 36. Rc3 {[%emt 0:00:02]} Bxg4 {[%emt 0:00:02]} 37. Qe1 {[%emt 0:00:09]} Bb4 {[%emt 0:00:11]} 38. Ne3 {[%emt 0:00:10]} Be6 {[%emt 0:00:08]} 39. Bc2 {[%emt 0:00:05]} Qg5 {[%emt 0:00:09]} 40. a3 {[%emt 0:00:07]} Bxc3 {[%emt 0:00:04]} 41. Qxc3 {[%emt 0:00:00]} Rd4 {[%emt 0:00:04]} 42. c5 {[%emt 0:00:11]} Qd8 {[%emt 0:00:07]} 43. cxb6 {[%emt 0:00:03]} Qxb6 {[%emt 0:00:01]} 44. Kh2 {[%emt 0:00:02]} f6 {[%emt 0:00:13]} 45. a4 {[%emt 0:00:03]} Kf7 {[%emt 0:00:14]} 46. Qe1 {[%emt 0:00:04]} Qb4 {[%emt 0:00:03]} 47. Qe2 {[%emt 0:00:02]} Qd2 {[%emt 0:00:03]} 48. Qh5+ {[%emt 0:00:01]} Ke7 {[%emt 0:00:01]} 49. Qxh4 {[%emt 0:00:01] Zeit (Lag: Av=0.64s, max=0.8s)} 1-0

[Event "Stay Safe Play From Home 315"]
[Site "Emanuel Lasker Arena"]
[Date "2020.07.19"]
[Round "1"]
[White "Justwatch"]
[Black "Timbre"]
[Result "1-0"]
[WhiteElo "1445"]
[BlackElo "1599"]
[Annotator "NA"]
[PlyCount "83"]
[EventDate "2020.07.19"]
[EventType "swiss (blitz)"]

{İptal edildi} 1. e4 {[%emt 0:00:04]} c6 {[%emt 0:00:02]} 2. e5 {[%emt 0:00:01]} d6 {[%emt 0:00:03]} 3. f4 {[%emt 0:00:03]} dxe5 {[%emt 0:00:02]} 4. fxe5 {[%emt 0:00:00]} Bf5 {[%emt 0:00:02]} 5. Nf3 {[%emt 0:00:05]} e6 {[%emt 0:00:01]} 6. Bc4 {[%emt 0:00:02]} Ne7 {[%emt 0:00:03]} 7. O-O {[%emt 0:00:01]} Nd5 {[%emt 0:00:02]} 8. Bxd5 {[%emt 0:00:01]} cxd5 {[%emt 0:00:02]} 9. d4 {[%emt 0:00:01]} Nc6 {[%emt 0:00:03]} 10. c3 {[%emt 0:00:01]} Be7 {[%emt 0:00:01]} 11. Nbd2 {[%emt 0:00:01]} O-O {[%emt 0:00:02]} 12. Nb3 {[%emt 0:00:01]} a6 {[%emt 0:00:03]} 13. h3 {[%emt 0:00:01]} Na5 {[%emt 0:00:05]} 14. Nxa5 {[%emt 0:00:03]} Qxa5 {[%emt 0:00:02]} 15. Bd2 {[%emt 0:00:00]} Qc7 {[%emt 0:00:05]} 16. Nh2 {[%emt 0:00:05]} b5 {[%emt 0:00:04]} 17. a3 {[%emt 0:00:04]} Bg6 {[%emt 0:00:02]} 18. Qg4 {[%emt 0:00:05]} Qd8 {[%emt 0:00:03]} 19. Nf3 {[%emt 0:00:03]} Bf5 {[%emt 0:00:05]} 20. Qh5 {[%emt 0:00:02]} Be4 {[%emt 0:00:08]} 21. Nh2 {[%emt 0:00:04]} Bg6 {[%emt 0:00:04]} 22. Qe2 {[%emt 0:00:02]} Bg5 {[%emt 0:00:03]} 23. Bxg5 {[%emt 0:00:07]} Qxg5 {[%emt 0:00:02]} 24. Rf3 {[%emt 0:00:00]} Bh5 {[%emt 0:00:02]} 25. Raf1 {[%emt 0:00:04]} Bxf3 {[%emt 0:00:03]} 26. Nxf3 {[%emt 0:00:00]} Qe7 {[%emt 0:00:02]} 27. Nh2 {[%emt 0:00:03]} f6 {[%emt 0:00:02]} 28. exf6 {[%emt 0:00:01]} Rxf6 {[%emt 0:00:02]} 29. Re1 {[%emt 0:00:00]} Raf8 {[%emt 0:00:03]} 30. Ng4 {[%emt 0:00:03]} Rg6 {[%emt 0:00:08]} 31. Ne5 {[%emt 0:00:03]} Rgf6 {[%emt 0:00:02]} 32. Qh5 {[%emt 0:00:02]} Rf5 {[%emt 0:00:04]} 33. Qg4 {[%emt 0:00:01]} Rf4 {[%emt 0:00:12]} 34. Qg3 {[%emt 0:00:05]} Qf6 {[%emt 0:00:03]} 35. Nd7 {[%emt 0:00:02]} Rf1+ {[%emt 0:00:03]} 36. Rxf1 {[%emt 0:00:00]} Qxf1+ {[%emt 0:00:03]} 37. Kh2 {[%emt 0:00:00]} Rf6 {[%emt 0:00:04]} 38. Qb8+ {[%emt 0:00:04]} Kf7 {[%emt 0:00:02]} 39. Ne5+ {[%emt 0:00:06]} Ke7 {[%emt 0:00:02]} 40. Qc7+ {[%emt 0:00:03]} Ke8 {[%emt 0:00:03]} 41. Qd7+ {[%emt 0:00:02]} Kf8 {[%emt 0:00:01]} 42. Qd8# {[%emt 0:00:01]} 1-0

[Event "Stay Safe Play From Home 315"]
[Site "Emanuel Lasker Arena"]
[Date "2020.07.19"]
[Round "2"]
[White "Chesstiger9"]
[Black "TheCHESSHOUSE"]
[Result "1-0"]
[WhiteElo "1939"]
[BlackElo "1620"]
[PlyCount "91"]
[EventDate "2020.07.19"]
[EventType "swiss (blitz)"]

{Volkov, Yuri} 1. d4 {[%emt 0:00:02]} Nf6 {[%emt 0:00:01]} 2. Nf3 {[%emt 0:00:01]} g6 {[%emt 0:00:01]} 3. Bg5 {[%emt 0:00:02]} Bg7 {[%emt 0:00:01]} 4. Nc3 {[%emt 0:00:01]} d6 {[%emt 0:00:01]} 5. e4 {[%emt 0:00:01]} O-O {[%emt 0:00:01]} 6. Qd2 {[%emt 0:00:01]} a6 {[%emt 0:00:03]} 7. h3 {[%emt 0:00:02]} b5 {[%emt 0:00:04]} 8. a3 {[%emt 0:00:03]} Bb7 {[%emt 0:00:01]} 9. Bd3 {[%emt 0:00:01]} Nbd7 {[%emt 0:00:04]} 10. O-O {[%emt 0:00:01]} Nb6 {[%emt 0:00:01]} 11. b3 {[%emt 0:00:04]} Qd7 {[%emt 0:00:06]} 12. Rfe1 {[%emt 0:00:06]} e6 {[%emt 0:00:07]} 13. Bh6 {[%emt 0:00:04]} c5 {[%emt 0:00:02]} 14. Bxg7 {[%emt 0:00:01]} Kxg7 {[%emt 0:00:00]} 15. e5 {[%emt 0:00:07]} Ng8 {[%emt 0:00:15]} 16. dxc5 {[%emt 0:00:09]} dxc5 {[%emt 0:00:00]} 17. Be4 {[%emt 0:00:04]} Nd5 {[%emt 0:00:15]} 18. Rad1 {[%emt 0:00:10]} Rfd8 {[%emt 0:00:03]} 19. Nxd5 {[%emt 0:00:12]} exd5 {[%emt 0:00:03]} 20. c4 {[%emt 0:00:04]} d4 {[%emt 0:00:05]} 21. Bxb7 {[%emt 0:00:02]} Qxb7 {[%emt 0:00:00]} 22. Qf4 {[%emt 0:00:06]} Re8 {[%emt 0:00:12]} 23. Ng5 {[%emt 0:00:06]} Re7 {[%emt 0:00:31]} 24. Ne4 {[%emt 0:00:17]} Qc6 {[%emt 0:00:15]} 25. Nd6 {[%emt 0:00:06]} Rf8 {[%emt 0:00:02]} 26. Qg3 {[%emt 0:00:07]} Re6 {[%emt 0:00:02]} 27. f4 {[%emt 0:00:18]} Rxd6 {[%emt 0:00:09]} 28. exd6 {[%emt 0:00:02]} Qxd6 {[%emt 0:00:00]} 29. Qg5 {[%emt 0:00:04]} Nf6 {[%emt 0:00:03]} 30. Qe5 {[%emt 0:00:05]} Qb6 {[%emt 0:00:05]} 31. g4 {[%emt 0:00:02]} Re8 {[%emt 0:00:08]} 32. Qg5 {[%emt 0:00:02]} Ne4 {[%emt 0:00:07]} 33. Qh4 {[%emt 0:00:26]} f5 {[%emt 0:00:14]} 34. gxf5 {[%emt 0:00:05]} gxf5 {[%emt 0:00:00]} 35. Kh2 {[%emt 0:00:10]} bxc4 {[%emt 0:00:04]} 36. Rxe4 {[%emt 0:00:13]} Rxe4 {[%emt 0:00:05]} 37. Rg1+ {[%emt 0:00:01]} Kh8 {[%emt 0:00:03]} 38. Qg5 {[%emt 0:00:13]} Qg6 {[%emt 0:00:07]} 39. Qd8+ {[%emt 0:00:02]} Re8 {[%emt 0:00:02]} 40. Qd7 {[%emt 0:00:22]} Re2+ {[%emt 0:01:01]} 41. Kh1 {[%emt 0:00:03]} Qxg1+ {[%emt 0:00:24]} 42. Kxg1 {[%emt 0:00:01]} cxb3 {[%emt 0:00:00]} 43. Qc8+ {[%emt 0:00:08]} Kg7 {[%emt 0:00:01]} 44. Qxc5 {[%emt 0:00:03]} d3 {[%emt 0:00:01]} 45. Qd4+ {[%emt 0:00:02]} Kh6 {[%emt 0:00:01]} 46. Qf6+ {[%emt 0:00:06] TheCHESSHOUSE resigns (Lag: Av=0.71s, max=2.5s)} 1-0

[Event "Stay Safe Play From Home 315"]
[Site "Emanuel Lasker Arena"]
[Date "2020.07.19"]
[Round "2"]
[White "Dukic"]
[Black "Haris kollari 13"]
[Result "1-0"]
[WhiteElo "1848"]
[BlackElo "1911"]
[Annotator "NA"]
[PlyCount "95"]
[EventDate "2020.07.19"]
[EventType "swiss (blitz)"]

1. c4 {[%emt 0:00:02]} e5 {[%emt 0:00:02]} 2. Nc3 {[%emt 0:00:00]} c5 {[%emt 0:00:01]} 3. Nf3 {[%emt 0:00:01]} d6 {[%emt 0:00:01]} 4. e3 {[%emt 0:00:02]} Nc6 {[%emt 0:00:01]} 5. d4 {[%emt 0:00:01]} exd4 {[%emt 0:00:13]} 6. exd4 {[%emt 0:00:01]} Bg4 {[%emt 0:00:02]} 7. d5 {[%emt 0:00:07]} Nd4 {[%emt 0:00:04]} 8. Be2 {[%emt 0:00:10]} Nxe2 {[%emt 0:00:03]} 9. Qxe2+ {[%emt 0:00:02]} Be7 {[%emt 0:00:00]} 10. O-O {[%emt 0:00:05]} Qd7 {[%emt 0:00:03]} 11. Re1 {[%emt 0:00:05]} O-O-O {[%emt 0:00:03]} 12. h3 {[%emt 0:00:06]} Bh5 {[%emt 0:00:03]} 13. Ne4 {[%emt 0:00:09]} h6 {[%emt 0:00:07]} 14. Qd3 {[%emt 0:00:08]} Bg6 {[%emt 0:00:05]} 15. Qa3 {[%emt 0:00:04]} Kb8 {[%emt 0:00:04]} 16. b4 {[%emt 0:00:02]} cxb4 {[%emt 0:00:10]} 17. Qxb4 {[%emt 0:00:01]} Nf6 {[%emt 0:00:01]} 18. Nc3 {[%emt 0:00:17]} Rc8 {[%emt 0:00:01]} 19. Nd4 {[%emt 0:00:03]} Bd8 {[%emt 0:00:13]} 20. Bf4 {[%emt 0:00:06]} Bc7 {[%emt 0:00:08]} 21. Ncb5 {[%emt 0:00:11]} Rhd8 {[%emt 0:00:11]} 22. Nxc7 {[%emt 0:00:05]} Rxc7 {[%emt 0:00:05]} 23. Nb5 {[%emt 0:00:01]} Ne8 {[%emt 0:00:23]} 24. Nxc7 {[%emt 0:00:16]} Nxc7 {[%emt 0:00:02]} 25. Rac1 {[%emt 0:00:07]} b6 {[%emt 0:00:01]} 26. a4 {[%emt 0:00:02]} Na6 {[%emt 0:00:09]} 27. Qc3 {[%emt 0:00:07]} Nc5 {[%emt 0:00:02]} 28. a5 {[%emt 0:00:01]} Kb7 {[%emt 0:00:05]} 29. axb6 {[%emt 0:00:02]} axb6 {[%emt 0:00:01]} 30. Ra1 {[%emt 0:00:06]} Ra8 {[%emt 0:00:14]} 31. Rxa8 {[%emt 0:00:03]} Kxa8 {[%emt 0:00:01]} 32. Ra1+ {[%emt 0:00:01]} Kb7 {[%emt 0:00:01]} 33. Qa3 {[%emt 0:00:01]} Kc7 {[%emt 0:00:11]} 34. Qa8 {[%emt 0:00:06]} Qc8 {[%emt 0:00:30]} 35. Ra7+ {[%emt 0:00:02]} Nb7 {[%emt 0:00:01]} 36. Bxd6+ {[%emt 0:00:06]} Kd7 {[%emt 0:00:02]} 37. Rxb7+ {[%emt 0:00:04]} Kd8 {[%emt 0:00:03]} 38. Rb8 {[%emt 0:00:02]} Kd7 {[%emt 0:00:05]} 39. Rxc8 {[%emt 0:00:01]} Kxd6 {[%emt 0:00:01]} 40. Qc6+ {[%emt 0:00:02]} Ke5 {[%emt 0:00:01]} 41. Qxb6 {[%emt 0:00:02]} h5 {[%emt 0:00:02]} 42. d6 {[%emt 0:00:01]} Bf5 {[%emt 0:00:02]} 43. Re8+ {[%emt 0:00:02]} Kf4 {[%emt 0:00:02]} 44. Qc7 {[%emt 0:00:05]} Kg5 {[%emt 0:00:01]} 45. d7 {[%emt 0:00:02]} Bxd7 {[%emt 0:00:01]} 46. Qxd7 {[%emt 0:00:01]} g6 {[%emt 0:00:01]} 47. Qxf7 {[%emt 0:00:01]} h4 {[%emt 0:00:00]} 48. Rg8 {[%emt 0:00:01] Haris kollari 13 resigns (Lag: Av=0.40s, max=0.6s)} 1-0

[Event "Stay Safe Play From Home 315"]
[Site "Emanuel Lasker Arena"]
[Date "2020.07.19"]
[Round "2"]
[White "Timbre"]
[Black "Shyamph1980"]
[Result "0-1"]
[WhiteElo "1575"]
[BlackElo "1636"]
[Annotator "NA"]
[PlyCount "144"]
[EventDate "2020.07.19"]
[EventType "swiss (blitz)"]

1. d4 {[%emt 0:00:17]} d5 {[%emt 0:00:03]} 2. Nf3 {[%emt 0:00:01]} c6 {[%emt 0:00:09]} 3. c3 {[%emt 0:00:01]} h6 {[%emt 0:00:06]} 4. Bf4 {[%emt 0:00:02]} g5 {[%emt 0:00:02]} 5. Bg3 {[%emt 0:00:01]} f5 {[%emt 0:00:04]} 6. Be5 {[%emt 0:00:05]} Nf6 {[%emt 0:00:05]} 7. e3 {[%emt 0:00:03]} Nbd7 {[%emt 0:00:02]} 8. Bxf6 {[%emt 0:00:03]} exf6 {[%emt 0:00:12]} 9. Qc2 {[%emt 0:00:04]} Nb6 {[%emt 0:00:03]} 10. Bd3 {[%emt 0:00:04]} Qd7 {[%emt 0:00:09]} 11. h3 {[%emt 0:00:03]} Bd6 {[%emt 0:00:07]} 12. Nbd2 {[%emt 0:00:03]} Kf7 {[%emt 0:00:12]} 13. g4 {[%emt 0:00:08]} f4 {[%emt 0:00:07]} 14. Bf5 {[%emt 0:00:03]} Qe7 {[%emt 0:00:03]} 15. O-O {[%emt 0:00:06]} fxe3 {[%emt 0:00:03]} 16. fxe3 {[%emt 0:00:02]} Qxe3+ {[%emt 0:00:02]} 17. Kg2 {[%emt 0:00:01]} Qf4 {[%emt 0:00:15]} 18. Bxc8 {[%emt 0:00:09]} Qg3+ {[%emt 0:00:04]} 19. Kh1 {[%emt 0:00:03]} Raxc8 {[%emt 0:00:07]} 20. Rae1 {[%emt 0:00:06]} Qxh3+ {[%emt 0:00:04]} 21. Kg1 {[%emt 0:00:03]} Qxg4+ {[%emt 0:00:02]} 22. Kh1 {[%emt 0:00:06]} h5 {[%emt 0:00:03]} 23. Nh2 {[%emt 0:00:04]} Bxh2 {[%emt 0:00:15]} 24. Kxh2 {[%emt 0:00:02]} Rce8 {[%emt 0:00:03]} 25. Rxe8 {[%emt 0:00:03]} Rxe8 {[%emt 0:00:03]} 26. Qh7+ {[%emt 0:00:04]} Ke6 {[%emt 0:00:20]} 27. Re1+ {[%emt 0:00:12]} Kd6 {[%emt 0:00:01]} 28. Rxe8 {[%emt 0:00:02]} Qh4+ {[%emt 0:00:04]} 29. Kg2 {[%emt 0:00:03]} Qg4+ {[%emt 0:00:03]} 30. Kf2 {[%emt 0:00:03]} Qf4+ {[%emt 0:00:07]} 31. Nf3 {[%emt 0:00:02]} Nd7 {[%emt 0:00:25]} 32. Qe7+ {[%emt 0:00:04]} Kc7 {[%emt 0:00:06]} 33. Rd8 {[%emt 0:00:08]} Qf5 {[%emt 0:00:04]} 34. Rxd7+ {[%emt 0:00:07]} Qxd7 {[%emt 0:00:03]} 35. Qxf6 {[%emt 0:00:01]} Qg4 {[%emt 0:00:15]} 36. Qe7+ {[%emt 0:00:08]} Kb6 {[%emt 0:00:04]} 37. Qxg5 {[%emt 0:00:03]} Qe4 {[%emt 0:00:05]} 38. Qxh5 {[%emt 0:00:03]} Qc2+ {[%emt 0:00:02]} 39. Kg3 {[%emt 0:00:01]} Qxb2 {[%emt 0:00:01]} 40. Ne5 {[%emt 0:00:09]} Qxc3+ {[%emt 0:00:04]} 41. Qf3 {[%emt 0:00:02]} Qxd4 {[%emt 0:00:01]} 42. Nd7+ {[%emt 0:00:04]} Kc7 {[%emt 0:00:03]} 43. Nf6 {[%emt 0:00:03]} Kb6 {[%emt 0:00:05]} 44. Qb3+ {[%emt 0:00:08]} Kc7 {[%emt 0:00:01]} 45. Qf3 {[%emt 0:00:02]} Kb6 {[%emt 0:00:02]} 46. Qf2 {[%emt 0:00:05]} Qxf2+ {[%emt 0:00:04]} 47. Kxf2 {[%emt 0:00:01]} Kb5 {[%emt 0:00:01]} 48. Ke3 {[%emt 0:00:01]} Kb4 {[%emt 0:00:01]} 49. Kd3 {[%emt 0:00:03]} Ka3 {[%emt 0:00:00]} 50. Ne8 {[%emt 0:00:03]} Kxa2 {[%emt 0:00:02]} 51. Nd6 {[%emt 0:00:01]} b5 {[%emt 0:00:02]} 52. Kc3 {[%emt 0:00:01]} Ka3 {[%emt 0:00:01]} 53. Nb7 {[%emt 0:00:04]} b4+ {[%emt 0:00:02]} 54. Kc2 {[%emt 0:00:02]} b3+ {[%emt 0:00:01]} 55. Kb1 {[%emt 0:00:02]} d4 {[%emt 0:00:01]} 56. Nc5 {[%emt 0:00:02]} Kb4 {[%emt 0:00:03]} 57. Nd3+ {[%emt 0:00:02]} Kc3 {[%emt 0:00:01]} 58. Ne5 {[%emt 0:00:03]} d3 {[%emt 0:00:01]} 59. Nf3 {[%emt 0:00:09]} d2 {[%emt 0:00:02]} 60. Nxd2 {[%emt 0:00:03]} Kxd2 {[%emt 0:00:00]} 61. Kb2 {[%emt 0:00:01]} Kd3 {[%emt 0:00:01]} 62. Kxb3 {[%emt 0:00:01]} Kd4 {[%emt 0:00:01]} 63. Kb4 {[%emt 0:00:01]} c5+ {[%emt 0:00:01]} 64. Kb3 {[%emt 0:00:01]} c4+ {[%emt 0:00:01]} 65. Kc2 {[%emt 0:00:01]} a5 {[%emt 0:00:01]} 66. Kc1 {[%emt 0:00:02]} a4 {[%emt 0:00:00]} 67. Kc2 {[%emt 0:00:01]} a3 {[%emt 0:00:00]} 68. Kc1 {[%emt 0:00:01]} Kc3 {[%emt 0:00:00]} 69. Kb1 {[%emt 0:00:01]} Kb3 {[%emt 0:00:01]} 70. Ka1 {[%emt 0:00:02]} c3 {[%emt 0:00:00]} 71. Kb1 {[%emt 0:00:01]} c2+ {[%emt 0:00:00]} 72. Kc1 {[%emt 0:00:01]} a2 {[%emt 0:00:01] Timbre resigns (Lag: Av=0.59s, max=1.0s)} 0-1